Rachunek efektywnosci inwestycji i postepu technicznego w przemysle

Saved in:
Bibliographic Details
Main Author: Czarnek, Janusz
Format: Book
Language:Polish
Published: Warszawa Wyd. ekonomiczne 1982
Edition:2. popraw. wyd.
Tags: Add Tag
No Tags, Be the first to tag this record!

MARC

LEADER 00000nam a2200000 4500
001 c132161
005 20041019155254.4
041 0 |a pol 
044 |a PL 
245 1 0 |a Rachunek efektywnosci inwestycji i postepu technicznego w przemysle  |c Janusz Czarnek 
250 |a 2. popraw. wyd. 
264 1 |a Warszawa  |b Wyd. ekonomiczne  |c 1982 
300 |a 290 s. 
100 1 |a Czarnek, Janusz